000 00814nam a22003010a 4500
001 PT53542
003 AR-LpoUNG
005 20210131231558.0
008 191001s2014||||ag |||||||||||||||||spa d
020 _a9789879011768
_c$8,03
040 _aAR-LpoUNG
_bspa
_cAR-LpoUNG
_eaacr
041 _aspa
044 _aag
082 0 _a808.068 3 455cap
100 1 _aPerrault, Charles
245 1 3 _aLa caperucita roja
250 _a3ra. ed., 1ra. reimpr.
260 _aBuenos Aires :
_bDel Eclipse,
_c2014.
300 _a32 p. :
_bil.
505 0 _aSugerido a partir de 8 aƱos (etiqueta CELESTE)
650 4 _aCUENTOS
650 4 _aLITERATURA
651 4 _aDOCUMENTOS TEORICOS O METODOLOGICOS
653 _aLITERATURA INFANTIL
700 1 _aGotlibowski, Leicia
_eil.
905 _a53542
942 _cLIB
999 _c10851
_d10851